Statistiques concernant Les pays qui ont gagné le Concours Eurovision de la chanson plusieurs fois

Cliquez ici pour prendre le quiz!

Statistiques générales

  • Ce quiz a été pris 136 fois
    (67 depuis la dernière actualisation)
  • Le résultat moyen est 10 sur 15

Statistiques - réponses

* Un(e) gagnant(e) Pays % Correct
5Marie MyriamFrance
100%
6Måns ZelmerlöwSuède
82%
2Céline DionSuisse
78%
2Conchita WurstAutriche
75%
7Eimear QuinnIrlande
71%
2Toto CutugnoItalie
65%
5Katrina and the WavesRoyaume-Uni
65%
5Duncan Laurence Pays-Bas
62%
5Corinne HermèsLuxembourg
62%
2Lena Meyer-LandrutAllemagne
60%
4Dana InternationalIsraël
56%
2JamalaUkraine
53%
3Alexander RybakNorvège
53%
3Emmelie de ForestDanemark
51%
2SaloméEspagne
49%

Distribution des résultats

Percentile by Number Answered

% des personnes avec chaque résultat

Votre développement - résultats

Vous n’avez pas pris ce quiz depuis la dernière actualisation